| 000 | 00474nab a2200145Ia 4500 | ||
|---|---|---|---|
| 003 | ES-SlBCS | ||
| 005 | 20210601125416.0 | ||
| 008 | 140529s1973 xxu||||| |||| 00| 0 eng d | ||
| 041 | _aeng | ||
| 100 | 1 |
_aKeelin, Peter W. _9157993 |
|
| 245 | 0 | 0 |
_aGalvanic Skin Response Correlates of Different Modes of Experiencing: A Study with Children _c Peter W. Keelin |
| 650 | 0 | 4 |
_aNiños _9113674 |
| 773 | 0 |
_tPsychotherapy _gvol. 10, nº. 3, 1973, págs. 231-233 _wRev840 |
|
| 942 | _cAR | ||
| 999 |
_c529898 _d529898 |
||